000 01050nam a22003257a 4500
003 CHAP
005 20220329134852.0
008 971013s1971 r 00010 d
010 _a27210
011 _a28182
035 _a32284
040 _cCHAP
082 _a540
_bK4Y
100 0 0 _aKeenan, Charles W.
_962886
245 _aQuímica general universitaria
260 _aMéxico, D. F. :
_bCECSA,
_c1971
300 _a951 p.
590 _aBATCH-UPD
_b10
_c20130110
_lUCH01
_h1510
590 _aBATCH-UPD
_b10
_c20130410
_lUCH01
_h0927
590 _aBATCH-UPD
_b10
_c20130914
_lUCH01
_h1707
590 _aCONVERSION
_b10
_c20130109
_lUCH01
_h1316
650 1 4 _aQuímica.
_993552
700 0 _aWood, Jesse H.
_9122519
901 _aBK
942 _cLIBRO
949 _a540 K4Y
_bBC
_cLIBRO
_d-74983
_eLIBRO
_fc.3
_h35925
_i32284
_si
949 _a540 K4Y
_bBC
_cLIBRO
_d-74984
_eLIBRO
_fc.4
_h35925
_i32284
_si
949 _a540 K4Y
_bBC
_cLIBRO
_d33724000912226
_eLIBRO
_fc.5
_h35926
_i32284
_si
949 _a540 K4Y
_bBC
_cLIBRO
_d33724002014926
_eLIBRO
_h35922
_i32284
_so
999 _c27210
_d27210